Normal view MARC view

Entry Personal Name

Number of records used in: 1

001 - CONTROL NUMBER

  • control field: 6335

003 - CONTROL NUMBER IDENTIFIER

  • control field: OSt

005 - DATE AND TIME OF LATEST TRANSACTION

  • control field: 20120110134101.0

008 - FIXED-LENGTH DATA ELEMENTS

  • fixed length control field: 120110|||a|||||| | ||| d

040 ## - CATALOGING SOURCE

  • Original cataloging agency: OSt
  • Transcribing agency: OSt

100 ## - HEADING--PERSONAL NAME

  • Personal name:
  • Titles and other words associated with a name: Commonwealth Human Rights law Digest.-3CHRLD1-120, Issue1,Aug 2001

670 ## - SOURCE DATA FOUND

  • Source citation: Work cat.: (OSt): Mayhew Alice,Candy whittome Commonwealth Human Rights Law Digest.-3CHRLD 1-120,Issue1,Aug2001 6333, Commonwealth human rights law digest.-3CHRLD1-120, Issue1,Aug2001